| 000 | 00410nam a2200169Ia 4500 | ||
|---|---|---|---|
| 003 | GCL | ||
| 008 | 140319s9999 xx 000 0 eng d | ||
| 040 |
_aGCL / _cGCL |
||
| 082 | 0 | 4 |
_a624.15136 _bS F |
| 100 | 1 | _aCRAICE R F | |
| 245 | 1 | 0 |
_aSOIL MECHANICS 5TH ED / _cCRAICE R F |
| 260 |
_a[S.N] : _bCHAPMAN & HALL ، _c1992 |
||
| 300 | _a427 PP | ||
| 650 | 0 | 4 | _aSOIL |
| 650 | 0 | 4 | _aMECHANICS |
| 942 |
_2ddc _cBK |
||
| 999 |
_c15393 _d15393 |
||